000 00728nam a2200217 i 4500
001 C2-0332004
003 PPAK
005 20180728132255.0
008 150709s2002 my |||| ||||| | may d
040 _aPPAK
_beng
_cPPAK
_erda
082 0 4 _a499.2309
_223
090 0 0 _a499.2309
_bSYA
_dKIH
245 0 0 _aSyarahan Ketua Menteri Sarawak :
_bBahasa Melayu sebagai tonggak negara bangsa dalam gelombang globalisasi
264 1 _aSarawak :
_bDewan Bahasa dan Pustaka ,
_c2002
300 _a45 pages ;
_c22 cm
336 _2rdacontent
_atext
337 _2rdamedia
_aunmediated
338 _2rdacarrier
_avolume520 \\
_avolume
650 1 0 _aMalay language - History ; Speeches, addresses, etc. ; Globalization.
942 _ddc
_cB
999 _c130681
_d130681